Joueur Real Madrid 2024-2025- mort subite - Statistiques

Statistiques générales
  • Ce quiz a été pris 710 fois
  • Le résultat moyen est 5 sur 11
Answers on the Grid
Answers color-coded by a green-red scale on the quiz's grid according to % correct below.
Vinicius
Mbappé
Rodrigoo
Benzema
Vallejo
Alaba
Militao
Rodrygo
Joselu
Kroos
Modric
Kepa
Messi
Courtois
Marco asencio
Llorente
Raul asencio
Vasquez
Bellingham
Félix
 
Statistiques - réponses
Réponse % Correct
Vinicius
97%
Mbappé
92%
Alaba
43%
Militao
43%
Rodrygo
42%
Bellingham
39%
Courtois
38%
Modric
36%
Raul asencio
33%
Vasquez
32%
Vallejo
28%
Aucun quiz correspondant
Distribution des résultats
% des personnes avec chaque résultat
Percentile par nombre de réponses
Votre historique - résultats
Vous n’avez pas pris ce quiz